[Event "Sardinia World Open A"]
[Site "Orosei ITA"]
[Date "2025.04.27"]
[Round "2.29"]
[White "Romanishin, Oleg M"]
[Black "Felix, Raphael"]
[Result "1/2-1/2"]
[WhiteTitle "GM"]
[BlackTitle "CM"]
[WhiteElo "2291"]
[BlackElo "2038"]
[WhiteFideId "14100088"]
[BlackFideId "14339544"]
[EventDate "2025.04.27"]

1. Nf3 d5 2. g3 g6 3. Bg2 Bg7 4. d4 c6 5. O-O Nf6 6. Bf4 O-O 7. Qc1 Re8 8. c4
Na6 9. cxd5 cxd5 10. Nc3 Bd7 11. Ne5 Rc8 12. Qd2 Nc7 13. Rac1 Bc6 14. Bh3 e6 15.
Bg2 Nd7 16. Ng4 Kh8 17. Bh6 f5 18. Bg5 Nf6 19. Ne5 Rf8 20. Nxc6 bxc6 21. Na4 Nb5
22. Nc5 Qe8 23. a4 Nd6 24. Bf4 Nf7 25. f3 h6 26. b3 Nd7 27. Be3 Kh7 28. f4 Nd6
29. Rc3 Nf6 30. h3 Nde4 31. Nxe4 dxe4 32. Rc4 Qd7 33. Rfc1 Rfd8 1/2-1/2

[Event "Sardinia World Open A"]
[Site "Orosei ITA"]
[Date "2025.04.27"]
[Round "2.30"]
[White "Haver, Bas"]
[Black "Alaime, Maxime"]
[Result "1/2-1/2"]
[WhiteTitle "FM"]
[WhiteElo "2281"]
[BlackElo "2029"]
[WhiteFideId "1039849"]
[BlackFideId "36045403"]
[EventDate "2025.04.27"]

1. e4 c5 2. Nc3 Nc6 3. Bb5 Nd4 4. Nf3 a6 5. Bd3 g6 6. O-O Bg7 7. Re1 e5 8. Nxd4
cxd4 9. Ne2 Ne7 10. c3 dxc3 11. bxc3 O-O 12. Ba3 d6 13. Rb1 b5 14. c4 Be6 15.
cxb5 axb5 16. Qc1 Bxa2 17. Rxb5 Re8 18. Qb2 Be6 19. Nc3 Nc6 20. Ra1 Nd4 21. Rb6
Qg5 22. Kh1 h5 23. Nb5 Nxb5 24. Bxb5 Red8 25. Bc6 Ra7 26. Rd1 d5 27. Rb8 Kh7 28.
Bc5 Rxb8 29. Qxb8 Qxd2 30. Qb1 Qc3 31. Rc1 Qa5 32. Bb6 Qa3 33. Bc5 Qa5 34. Bxa7
Qxa7 35. exd5 Bf5 36. Qb7 Qxf2 37. Qxf7 e4 38. Bd7 Qd2 39. Rg1 Bxd7 40. Qxd7 Kh6
41. Qf7 Be5 42. Qf8+ Bg7 43. Qf7 Be5 44. Rf1 e3 45. Qf8+ Bg7 46. Qf4+ g5 47. Qe4
e2 48. Qe6+ Kh7 49. Qe4+ Kh6 50. Rg1 Bd4 51. Qe6+ Kh7 52. Qf7+ Kh6 53. Qe6+ Kh7
54. Qf7+ Kh6 55. Qe6+ 1/2-1/2

[Event "Sardinia World Open A"]
[Site "Orosei ITA"]
[Date "2025.04.27"]
[Round "2.31"]
[White "Lumachi, Gabriele"]
[Black "Baloire, Endy"]
[Result "1-0"]
[WhiteTitle "IM"]
[WhiteElo "2443"]
[BlackElo "2025"]
[WhiteFideId "2817247"]
[BlackFideId "827533"]
[EventDate "2025.04.27"]

1. d4 d5 2. Nf3 Nf6 3. c4 e6 4. Nc3 c6 5. e3 Nbd7 6. Be2 Bd6 7. O-O O-O 8. b3 b6
9. Bb2 Bb7 10. Qc2 c5 11. cxd5 exd5 12. Nb5 Bb8 13. Rfd1 Qe7 14. Rac1 a6 15. Nc3
Bd6 16. dxc5 bxc5 17. Re1 Rac8 18. Bf1 Rfd8 19. Ne2 Ne5 20. Bxe5 Bxe5 21. Nxe5
Qxe5 22. Ng3 h5 23. Bd3 h4 24. f4 Qe8 25. Nf5 h3 26. gxh3 g6 27. Ng3 Kg7 28. Bf1
Qd7 29. Qf2 Re8 30. Bg2 a5 31. Rcd1 Qb5 32. Bf3 a4 33. Qg2 Kh7 34. Rb1 Ba8 35.
h4 axb3 36. axb3 Qd3 37. h5 Rb8 38. hxg6+ fxg6 39. f5 g5 40. Rbd1 Qxb3 41. Qh3+
Kg7 42. Nh5+ Nxh5 43. Qxh5 Kf6 44. Qg6+ Ke5 45. Rb1 Qc3 46. Qg7+ 1-0

[Event "Sardinia World Open A"]
[Site "Orosei ITA"]
[Date "2025.04.27"]
[Round "2.32"]
[White "Xu, Grant"]
[Black "Hu, Jiani"]
[Result "1-0"]
[WhiteTitle "FM"]
[BlackTitle "WFM"]
[WhiteElo "2304"]
[BlackElo "2091"]
[WhiteFideId "2052318"]
[BlackFideId "8610312"]
[EventDate "2025.04.27"]

1. e4 e5 2. Nf3 Nc6 3. Bc4 Nf6 4. d3 Bc5 5. c3 a6 6. a4 O-O 7. b4 Ba7 8. O-O d6
9. Nbd2 Ne7 10. Re1 Ng6 11. Nf1 c6 12. Bb3 h6 13. Ng3 Ng4 14. d4 exd4 15. cxd4
Nh4 16. Nxh4 Qxh4 17. h3 Ne5 18. Be3 Ng6 19. Qf3 Be6 20. Nf5 Qd8 21. Bc2 d5 22.
e5 Nh4 23. Nxh6+ gxh6 24. Qh5 f5 25. Qxh6 Kf7 26. Qh5+ Ng6 27. Qh7+ Ke8 28.
Qxg6+ Kd7 29. Bg5 Qb6 30. Red1 Rae8 31. Bf6 Kc8 32. Bxf5 Kb8 33. Bxe6 Rxe6 34.
Qg4 Ree8 35. Rab1 Qc7 36. b5 axb5 37. axb5 c5 38. dxc5 Qxc5 39. Rd2 Bb6 40. Qd7
d4 41. Rbd1 Rxe5 42. Bxe5+ Qxe5 43. Rxd4 Bc7 44. Rd6 Qe2 45. b6 Bxb6 46. Rxb6
Qxf2+ 47. Kh2 Qxb6 48. Qd6+ Qxd6+ 49. Rxd6 Kc7 50. Rd1 b5 51. h4 b4 52. h5 b3
53. g4 Rd8 54. Rb1 Rb8 55. h6 Kd6 56. g5 Ke6 57. Rf1 b2 58. h7 Rh8 59. g6 b1=Q
60. Rxb1 Kf6 61. Rb6+ Kg7 62. Kg3 Ra8 63. Re6 Ra3+ 64. Kg4 Ra4+ 65. Kf5 Ra5+ 66.
Re5 Ra8 67. Kg5 Ra6 68. Re7+ Kh8 69. Re8+ Kg7 70. Rg8# 1-0

[Event "Sardinia World Open A"]
[Site "Orosei ITA"]
[Date "2025.04.27"]
[Round "2.33"]
[White "Blom, Vincent"]
[Black "Mela, Francesco"]
[Result "0-1"]
[WhiteTitle "FM"]
[WhiteElo "2274"]
[BlackElo "2089"]
[WhiteFideId "1014358"]
[BlackFideId "28561023"]
[EventDate "2025.04.27"]

1. c4 e6 2. d4 d5 3. Nc3 h6 4. Nf3 Nf6 5. g3 Bd6 6. Bg2 O-O 7. O-O Nc6 8. b3
dxc4 9. bxc4 e5 10. d5 Na5 11. Nd2 b6 12. Qc2 Ba6 13. Nb5 Qd7 14. a4 Bb7 15. Bb2
Rfc8 16. Nf3 a6 17. Na3 Qe7 18. Nh4 g6 19. Bh3 Re8 20. e4 Bc8 21. Bg2 Nb7 22.
Nb1 Bd7 23. h3 c6 24. Nc3 Rac8 25. Qd2 Kh7 26. Bc1 Ng8 27. dxc6 Bxc6 28. Nd5
Bxd5 29. cxd5 Bb4 30. Qe2 a5 31. f4 exf4 32. Bxf4 Nd6 33. Bxd6 Bxd6 34. Qf3 Kg7
35. Rac1 Rxc1 36. Rxc1 Nf6 37. Rc4 Qe5 38. Kh2 Nh5 39. Rc3 Qg5 40. Qg4 Qxg4 41.
hxg4 Nf6 42. Bf3 Nxe4 43. Re3 Bxg3+ 44. Kg2 Bxh4 45. Rxe4 Rxe4 46. Bxe4 Kf6 47.
Kf3 Ke5 48. Bc2 Be7 49. Bd3 Kxd5 50. Bb5 Ke5 51. Be8 Ke6 52. Kf4 Bd6+ 53. Kf3 g5
54. Bb5 h5 55. Bc4+ Ke7 56. Bd3 h4 57. Kg2 Kf6 58. Kh3 Ke5 59. Bb5 f5 60. gxf5
Kxf5 61. Be2 Kf4 62. Bd1 Be7 63. Be2 Bd8 64. Bd1 Bc7 65. Be2 Ke3 66. Bb5 Bf4 67.
Bc6 Kf2 68. Bd7 Be3 69. Bb5 Kf3 70. Bc6+ Kf4 71. Bb5 g4+ 72. Kxh4 Bf2+ 73. Kh5
Be1 74. Bd7 g3 75. Bc6 Ke3 76. Kg4 Kf2 77. Kh3 Bb4 78. Bd5 Bd6 79. Bc6 Be5 80.
Bd5 b5 81. axb5 a4 82. Kg4 a3 83. Kf5 Bb8 0-1

[Event "Sardinia World Open A"]
[Site "Orosei ITA"]
[Date "2025.04.27"]
[Round "2.34"]
[White "Solomon, Kenny"]
[Black "Nortier, Julien"]
[Result "1/2-1/2"]
[WhiteTitle "GM"]
[WhiteElo "2272"]
[BlackElo "2083"]
[WhiteFideId "14300192"]
[BlackFideId "36084140"]
[EventDate "2025.04.27"]

1. d4 Nf6 2. c4 c5 3. d5 b5 4. cxb5 a6 5. bxa6 g6 6. Nc3 Bg7 7. Nf3 O-O 8. g3 d6
9. Bg2 Nbd7 10. Rb1 Nb6 11. O-O Bf5 12. Ra1 Rxa6 13. Nd2 Qa8 14. e4 Bd7 15. h3
Rb8 16. Qc2 Na4 17. Nd1 Ne8 18. Rb1 Nb6 19. Nc3 Na4 20. Ne2 Bb5 21. Bf3 Nb6 22.
a3 Nd7 23. Nc3 Bxf1 24. Kxf1 Nc7 25. Be2 Ra7 26. b3 Nb6 27. Bb2 Re8 28. Nc4 Nxc4
29. Bxc4 Qc8 30. Kg2 Qd7 31. Rd1 Raa8 32. h4 h5 33. a4 Reb8 34. Bc1 Na6 35. Nb5
Nb4 36. Qe2 Rf8 37. Bf4 Kh7 38. e5 dxe5 39. Bxe5 Qg4 40. f3 Qf5 41. f4 Qg4 42.
Rd2 Qxe2+ 43. Rxe2 Rad8 44. Nc3 Rd7 45. Bb5 Ra7 46. Bxg7 Kxg7 47. Bc4 Rd8 48.
Kf3 Kf8 49. Kf2 Na6 50. Nb5 Rad7 51. Kf3 Nc7 52. Nxc7 Rxc7 53. a5 Rb8 54. a6 Ra7
55. Ra2 Ke8 56. Ra5 Rc8 57. Ke4 Kd7 58. Rb5 Kd6 59. Rb6+ Kc7 60. Rb5 Kd6 61.
Rb6+ Kc7 62. Rc6+ Kb8 63. Rxc8+ Kxc8 64. f5 gxf5+ 65. Kxf5 Kd7 66. Kg5 Kd6 67.
Kxh5 Ke5 68. Kg4 Ra8 69. Kf3 f5 70. Ke3 Rh8 71. Be2 Ra8 72. Bc4 Rh8 73. Bf1 Rb8
74. Bc4 Rg8 1/2-1/2

[Event "Sardinia World Open A"]
[Site "Orosei ITA"]
[Date "2025.04.27"]
[Round "2.35"]
[White "Cedriano, Mattia"]
[Black "Shvedova, Alexandra"]
[Result "0-1"]
[BlackTitle "WFM"]
[WhiteElo "2067"]
[BlackElo "2266"]
[WhiteFideId "28540808"]
[BlackFideId "54154782"]
[EventDate "2025.04.27"]

1. e4 c5 2. Nf3 d6 3. d4 cxd4 4. Nxd4 Nf6 5. Nc3 a6 6. f3 e5 7. Nb3 Be6 8. Be3
Be7 9. Qd2 O-O 10. O-O-O Nbd7 11. g4 b5 12. Kb1 Nb6 13. g5 Nh5 14. Na5 Rc8 15.
Nd5 Nxd5 16. exd5 Bxd5 17. Qxd5 Qxa5 18. Bh3 Rc4 19. b3 Nf4 20. Bxf4 Rxf4 21.
Qb7 Bxg5 22. Rxd6 e4 23. Qb6 Qc3 24. Rc6 Qxf3 25. Rg1 Bf6 26. Bg2 Qxg2 0-1

[Event "Sardinia World Open A"]
[Site "Orosei ITA"]
[Date "2025.04.27"]
[Round "2.36"]
[White "Rubinshtein, Kamilla"]
[Black "von Gleich, Alexander"]
[Result "1-0"]
[BlackTitle "FM"]
[WhiteElo "2058"]
[BlackElo "2196"]
[WhiteFideId "2838708"]
[BlackFideId "4603869"]
[EventDate "2025.04.27"]

1. e4 c5 2. Nf3 Nf6 3. e5 Nd5 4. c3 e6 5. d4 cxd4 6. cxd4 d6 7. Nc3 Nxc3 8. bxc3
Qc7 9. Bd2 Nc6 10. exd6 Bxd6 11. Bd3 h6 12. Qe2 Kf8 13. O-O b6 14. Rfe1 Bb7 15.
Rab1 Rd8 16. Be4 Bf4 17. Bxf4 Qxf4 18. c4 Qc7 19. d5 exd5 20. cxd5 Na5 21. d6
Qxd6 22. Bxb7 Nxb7 23. Qa6 Qb8 24. Ne5 Nc5 25. Qc4 Qc7 26. Re3 Ne6 27. Ng6+ Kg8
28. Qxc7 Nxc7 29. Nxh8 Kxh8 30. Re7 Nb5 31. g3 Rd5 32. Rxf7 Nc3 33. Rb2 Ra5 34.
Rc2 Kg8 35. Rd7 Ra3 36. Rc7 Nb5 37. Rb7 Nd6 38. Rd7 Nf5 39. Kf1 h5 40. Rd5 1-0

[Event "Sardinia World Open A"]
[Site "Orosei ITA"]
[Date "2025.04.27"]
[Round "2.37"]
[White "Vardi, Daniel"]
[Black "Gut, Lionel"]
[Result "0-1"]
[WhiteElo "2049"]
[BlackElo "2177"]
[WhiteFideId "2849127"]
[BlackFideId "1339966"]
[EventDate "2025.04.27"]

1. e4 c5 2. Nf3 d6 3. d4 cxd4 4. Nxd4 Nf6 5. Nc3 a6 6. Be3 e5 7. Nb3 Be7 8. f3
Be6 9. Qd2 O-O 10. g4 Nbd7 11. h4 b5 12. O-O-O Nb6 13. Na5 Qc7 14. Kb1 Rfc8 15.
h5 b4 16. Ne2 Nbd7 17. Nb3 a5 18. g5 Ne8 19. f4 a4 20. Nbc1 b3 21. c3 bxa2+ 22.
Ka1 a3 23. b3 exf4 24. Bxf4 Nc5 25. Qc2 Qb7 26. Kxa2 Qxe4 27. Qxe4 Nxe4 28. Bg2
d5 29. Bxe4 dxe4 30. c4 Rd8 31. Nc3 f5 32. gxf6 Nxf6 33. Bg5 Rxd1 34. Rxd1 Bg4
35. Re1 Bxh5 36. Bxf6 gxf6 37. Nxe4 Kf7 38. Nd3 Bg6 39. Nf4 Bb4 40. Re2 Re8 41.
Ng3 Bd6 42. Rf2 Re1 43. Nxg6 Bxg3 44. Rg2 Re3 45. Nh8+ Kg7 46. Kxa3 Kxh8 47. c5
h5 48. Kb4 h4 49. c6 h3 0-1

[Event "Sardinia World Open A"]
[Site "Orosei ITA"]
[Date "2025.04.27"]
[Round "2.38"]
[White "Sitbon, Itay"]
[Black "Orman, Attila"]
[Result "1/2-1/2"]
[WhiteElo "2177"]
[BlackElo "2074"]
[WhiteFideId "2820706"]
[BlackFideId "13456458"]
[EventDate "2025.04.27"]

1. d4 Nf6 2. c4 g6 3. Nc3 Bg7 4. Nf3 d6 5. Bg5 O-O 6. e3 Nbd7 7. Qc2 c6 8. Be2
Qc7 9. O-O e5 10. Rfd1 Re8 11. h3 Nf8 12. c5 dxc5 13. dxe5 N6d7 14. Ne4 Nxe5 15.
Nd6 Re6 16. Nxc8 Rxc8 17. Nxe5 Bxe5 18. Bg4 f5 19. Be2 Kg7 20. Bc4 Rd6 21. Rxd6
Bxd6 22. Rd1 h6 23. Bf4 Bxf4 24. exf4 b5 25. Qc3+ Kh7 26. Re1 Qg7 27. Qxg7+ Kxg7
28. Re7+ Kh8 29. Bf1 a5 30. g3 c4 31. a4 Rb8 32. Ra7 bxa4 33. Bxc4 Rxb2 34. Ra8
Kg7 35. Ra7+ Kh8 36. Ra8 Kg7 1/2-1/2

[Event "Sardinia World Open A"]
[Site "Orosei ITA"]
[Date "2025.04.27"]
[Round "2.39"]
[White "Gagliardi, Cristian"]
[Black "Petcu, Gabriel"]
[Result "1-0"]
[WhiteElo "2165"]
[BlackElo "2063"]
[WhiteFideId "810665"]
[BlackFideId "28548485"]
[EventDate "2025.04.27"]

1. d4 Nf6 2. Nf3 e6 3. Bf4 d5 4. e3 c5 5. c3 Nc6 6. Nbd2 Bd6 7. Bg3 O-O 8. Bd3
Re8 9. Ne5 Qc7 10. f4 a6 11. O-O b5 12. Bh4 Be7 13. Qf3 Bb7 14. Qh3 Ne4 15. Nxe4
Nxe5 16. Nxc5 Nxd3 17. Nxd3 Bf8 18. Rfc1 Qc4 19. Ne5 Qe2 20. Rab1 f6 21. Qf3 Qd2
22. Be1 Qxc1 23. Rxc1 fxe5 24. fxe5 a5 25. Bh4 Ba6 26. h3 Rac8 27. Kh2 b4 28.
Qd1 Bb5 29. Be1 Be7 30. b3 Rf8 31. Qg4 Rf5 32. e4 dxe4 33. c4 Bc6 34. Rd1 e3 35.
d5 Bd7 36. Qe4 Bc5 37. Bg3 Rf7 38. Re1 Ba7 39. Qd3 Rcf8 40. h4 Bc5 41. Rxe3 Bxe3
42. Qxe3 Rf1 43. Qb6 Rd1 44. Qc7 Be8 45. Qe7 exd5 46. e6 dxc4 47. Be5 Bf7 48.
exf7+ Rxf7 49. Qe8+ Rf8 50. Qe6+ Kh8 51. bxc4 Rd2 52. h5 Rdf2 53. h6 R2f6 54.
Bxf6 gxf6 55. Qe7 1-0

[Event "Sardinia World Open A"]
[Site "Orosei ITA"]
[Date "2025.04.28"]
[Round "3.1"]
[White "Mendonca, Leon Luke"]
[Black "Panjwani, Raja"]
[Result "1-0"]
[WhiteTitle "GM"]
[BlackTitle "IM"]
[WhiteElo "2643"]
[BlackElo "2443"]
[WhiteFideId "35028561"]
[BlackFideId "2604493"]
[EventDate "2025.04.27"]

1. e4 c5 2. Nf3 Nc6 3. Bb5 d6 4. O-O Bd7 5. Re1 a6 6. Bf1 Bg4 7. h3 Bxf3 8. Qxf3
Nf6 9. c3 e6 10. d3 Be7 11. Nd2 O-O 12. Qe2 b5 13. Nf3 Qb6 14. Be3 b4 15. Nd2 d5
16. f4 a5 17. e5 Nd7 18. c4 Bh4 19. cxd5 Nd4 20. Bxd4 Bxe1 21. Nc4 Qd8 22. dxe6
cxd4 23. exf7+ Rxf7 24. Rxe1 Qh4 25. e6 Re7 26. Qf2 Qxf2+ 27. Kxf2 Nc5 28. Re5
b3 29. axb3 Nxb3 30. f5 Rb8 31. g4 h6 32. Bg2 Nc1 33. Be4 Ra7 34. Nxa5 Rxb2+ 35.
Kf3 Kf8 36. Nc6 Raa2 37. e7+ Ke8 38. Rd5 Kf7 39. Rd8 Rf2+ 40. Kg3 1-0

[Event "Sardinia World Open A"]
[Site "Orosei ITA"]
[Date "2025.04.28"]
[Round "3.2"]
[White "Yoo, Christopher Woojin"]
[Black "Vagman, Roy"]
[Result "1-0"]
[WhiteTitle "GM"]
[BlackTitle "FM"]
[WhiteElo "2588"]
[BlackElo "2437"]
[WhiteFideId "30909694"]
[BlackFideId "2828995"]
[EventDate "2025.04.27"]

1. e4 c5 2. Nf3 d6 3. d4 cxd4 4. Nxd4 Nf6 5. Nc3 Nc6 6. Bg5 e6 7. Qd2 a6 8.
O-O-O Bd7 9. f4 Be7 10. Nf3 b5 11. Bxf6 gxf6 12. f5 Qb6 13. Kb1 O-O-O 14. a4 b4
15. Ne2 e5 16. Ng3 Na5 17. b3 Kb8 18. Bd3 Rc8 19. Ne2 h5 20. Nc1 Rc3 21. Qe2
Rhc8 22. Nd2 Qc7 23. Na2 Qc5 24. Rc1 Nc6 25. Qxh5 Be8 26. Bxa6 Rd8 27. Bb5 Nd4
28. Bxe8 Rxe8 29. Qxf7 Rc8 30. Qxe7 Rxc2 31. Nc4 Rxc1+ 32. Nxc1 Nxb3 33. Qxd6+
Qxd6 34. Nxd6 Nd2+ 35. Kb2 Rd8 36. Nb5 Nxe4 37. Nb3 Nf2 38. Rg1 Rc8 39. Nd2 Rd8
40. Nc4 Rd3 41. Rc1 Nd1+ 42. Kb1 Kb7 43. g4 Nf2 44. g5 fxg5 45. Nxe5 Rd5 46.
Rc7+ Ka6 47. Ra7+ 1-0

[Event "Sardinia World Open A"]
[Site "Orosei ITA"]
[Date "2025.04.28"]
[Round "3.3"]
[White "Fromm, Marius"]
[Black "Sonis, Francesco"]
[Result "0-1"]
[WhiteTitle "IM"]
[BlackTitle "GM"]
[WhiteElo "2436"]
[BlackElo "2576"]
[WhiteFideId "12993190"]
[BlackFideId "895733"]
[EventDate "2025.04.27"]

1. e4 c5 2. Nf3 e6 3. d4 cxd4 4. Nxd4 Nc6 5. Nc3 a6 6. a3 Qc7 7. Be3 d6 8. f4
Nf6 9. Qf3 e5 10. Nxc6 bxc6 11. fxe5 Ng4 12. exd6 Bxd6 13. g3 Be6 14. Bd4 O-O
15. O-O-O Rab8 16. Bc4 Ne5 17. Bxe5 Bxe5 18. Bxe6 fxe6 19. Qd3 Qb6 20. b3 Qc5
21. Nb1 Bf6 22. h4 Qe5 23. Qc4 Qxg3 24. Qxe6+ Kh8 25. Rd3 Qg2 26. Rhd1 Bxh4 27.
Kb2 Rfe8 28. Qd6 Bf6+ 29. Nc3 Qxe4 30. Qxf6 Qxd3 31. Qxc6 Qf5 32. Qxa6 Rec8 33.
Rd5 Qf8 34. a4 Rc7 35. Nb5 Rc5 36. Qe6 Re8 37. Qxe8 Rxc2+ 38. Kxc2 Qxe8 39. Kc3
h5 40. a5 h4 41. Nd6 Qc6+ 42. Kd4 h3 43. Ne4 g6 44. Rd6 Qxd6+ 45. Nxd6 h2 46. b4
h1=Q 47. Kc5 Qa8 48. Kb6 g5 49. Nf7+ Kg7 50. Nxg5 Qd8+ 51. Kc6 Qf6+ 0-1

[Event "Sardinia World Open A"]
[Site "Orosei ITA"]
[Date "2025.04.28"]
[Round "3.4"]
[White "Amar, Elham"]
[Black "Yaniv, Yuval"]
[Result "1/2-1/2"]
[WhiteTitle "GM"]
[BlackTitle "IM"]
[WhiteElo "2546"]
[BlackElo "2407"]
[WhiteFideId "1533533"]
[BlackFideId "2823900"]
[EventDate "2025.04.27"]

1. e4 c5 2. Nf3 e6 3. g3 d5 4. exd5 exd5 5. d4 cxd4 6. Nxd4 Nc6 7. Bg2 Bc5 8.
Nxc6 bxc6 9. O-O Nf6 10. Nc3 O-O 11. Na4 Be7 12. Be3 Qa5 13. c3 Bf5 14. b4 Qc7
15. Re1 Rfe8 16. Nc5 Bd6 17. Qd2 Nd7 18. Nxd7 Qxd7 19. b5 Be4 20. Bxe4 Rxe4 21.
Rad1 Be5 22. Bxa7 Rxe1+ 23. Rxe1 Bxg3 24. hxg3 Qxa7 25. bxc6 Qc5 26. Rd1 Qxc6
27. Qxd5 Qxd5 28. Rxd5 h5 29. Rd2 Ra4 30. Rc2 Kf8 31. c4 Ke7 32. c5 Kd7 33. c6+
Kc7 34. Kg2 g5 35. Rc5 Rxa2 36. Rxg5 Kxc6 37. Rf5 Ra7 38. Rf6+ Kd5 39. f4 Ke4
40. Kh3 Ra1 41. Rxf7 Kf3 42. Kh4 Rh1+ 43. Kg5 Kxg3 44. Ra7 Kf3 45. f5 Rg1+ 46.
Kh6 h4 47. Ra3+ Kg4 48. f6 h3 49. Rxh3 Kxh3 50. f7 Rf1 51. Kg7 Rxf7+ 52. Kxf7 1/2-1/2

[Event "Sardinia World Open A"]
[Site "Orosei ITA"]
[Date "2025.04.28"]
[Round "3.5"]
[White "Fataliyeva, Ulviyya"]
[Black "Sokolovsky, Yahli"]
[Result "0-1"]
[WhiteTitle "IM"]
[BlackTitle "GM"]
[WhiteElo "2387"]
[BlackElo "2546"]
[WhiteFideId "13403052"]
[BlackFideId "2820242"]
[EventDate "2025.04.27"]

1. Nf3 Nf6 2. c4 c6 3. g3 g6 4. b3 Bg7 5. Bb2 O-O 6. Bg2 d5 7. O-O Re8 8. Qc2
Nbd7 9. Rc1 e5 10. cxd5 Nxd5 11. d3 Nf8 12. a3 g5 13. e4 Nc7 14. Nbd2 g4 15. Nh4
Nb5 16. Nf5 Bxf5 17. exf5 Nd6 18. Be4 Qg5 19. Nc4 Nxf5 20. Bxf5 Qxf5 21. Nd6 Qg6
22. Nxe8 Rxe8 23. Qe2 Ne6 24. Rf1 h5 25. Qe4 f5 26. Qc4 Kh7 27. f4 gxf3 28. Rxf3
e4 29. Rf2 e3 30. Rg2 Bxb2 31. Rxb2 Qg7 32. Rab1 Nd4 33. Kg2 f4 34. Rf1 f3+ 35.
Kg1 e2 36. Re1 f2+ 37. Kxf2 Qf6+ 38. Kg2 Qf3+ 39. Kh3 Qf1+ 40. Kh4 Nf3+ 0-1

[Event "Sardinia World Open A"]
[Site "Orosei ITA"]
[Date "2025.04.28"]
[Round "3.6"]
[White "Raja, Harshit"]
[Black "Ibrayev, Nurlan"]
[Result "1-0"]
[WhiteTitle "GM"]
[BlackTitle "GM"]
[WhiteElo "2474"]
[BlackElo "2367"]
[WhiteFideId "5089000"]
[BlackFideId "13700650"]
[EventDate "2025.04.27"]

1. e4 e5 2. Nf3 Nc6 3. Bb5 f5 4. d3 fxe4 5. dxe4 Nf6 6. O-O Bc5 7. Bxc6 bxc6 8.
Nxe5 O-O 9. Nc3 d5 10. Nd3 Bb6 11. Bg5 h6 12. Bxf6 Qxf6 13. exd5 Qg5 14. Qc1 Qg6
15. Kh1 Ba6 16. dxc6 Rad8 17. a4 Bxd3 18. cxd3 Rxd3 19. Qc2 Rf6 20. a5 Bc5 21.
f3 Kh8 22. Ne4 Rd5 23. Qc4 Rff5 24. g4 Rfe5 25. Rad1 Qxc6 26. b4 Rxd1 27. Rxd1
Qa4 28. Rd8+ Kh7 29. Qd3 1-0

[Event "Sardinia World Open A"]
[Site "Orosei ITA"]
[Date "2025.04.28"]
[Round "3.7"]
[White "Bettalli, Francesco"]
[Black "Knaak, Rainer"]
[Result "1/2-1/2"]
[WhiteTitle "FM"]
[BlackTitle "GM"]
[WhiteElo "2355"]
[BlackElo "2472"]
[WhiteFideId "2816453"]
[BlackFideId "4611250"]
[EventDate "2025.04.27"]

1. d4 Nf6 2. Nc3 d5 3. Bf4 c5 4. e3 cxd4 5. exd4 a6 6. Nf3 Nc6 7. Ne5 e6 8. g3
Bd6 9. Bg2 Qc7 10. O-O O-O 11. Re1 Nd7 12. Nxd7 Bxd7 13. Bxd6 Qxd6 14. Na4 Rad8
15. c3 Bc8 16. f4 Ne7 17. Nc5 b6 18. Nd3 Qc7 19. Bf1 Nf5 20. Ne5 Nd6 21. Bd3 f6
22. Nf3 Rfe8 23. Qc2 Ne4 24. Bxe4 dxe4 25. Rxe4 Bb7 26. Re3 Bxf3 27. Rxf3 Rxd4
28. Rd1 1/2-1/2

[Event "Sardinia World Open A"]
[Site "Orosei ITA"]
[Date "2025.04.28"]
[Round "3.8"]
[White "Martinovici, Ilia"]
[Black "Kiolbasa, Oliwia"]
[Result "1/2-1/2"]
[WhiteTitle "IM"]
[BlackTitle "IM"]
[WhiteElo "2459"]
[BlackElo "2361"]
[WhiteFideId "13907034"]
[BlackFideId "1154613"]
[EventDate "2025.04.27"]

1. Nf3 d5 2. g3 Nf6 3. Bg2 c5 4. O-O Nc6 5. d4 e6 6. c4 dxc4 7. Qa4 Bd7 8. Qxc4
b5 9. Qc3 b4 10. Qd3 Rc8 11. dxc5 Bxc5 12. Nbd2 O-O 13. Nb3 Bb6 14. Be3 Bxe3 15.
Qxe3 Qb6 16. Nc5 Nd4 17. Qxd4 Rxc5 18. Rfd1 Rc2 19. Ne5 Bb5 20. Qxb6 axb6 21. e3
b3 22. axb3 Rxb2 23. Ra7 Ng4 24. Nxg4 Be2 25. Rc1 Bxg4 26. Ra4 Be2 27. Rb4 b5
28. Bf1 Bxf1 29. Kxf1 Rd8 30. Rxb5 g6 31. Rc4 Rd1+ 32. Kg2 Rd3 33. b4 Rxe3 34.
Rb8+ Kg7 35. Rb7 Re5 36. g4 h5 37. h3 hxg4 38. hxg4 g5 39. Rcc7 Re4 40. Rxf7+
Kg6 41. Rg7+ Kh6 42. Kg3 Rb3+ 43. f3 Rf4 44. Rh7+ Kg6 45. Rhg7+ Kh6 46. Rh7+ Kg6
47. Rhg7+ 1/2-1/2

[Event "Sardinia World Open A"]
[Site "Orosei ITA"]
[Date "2025.04.28"]
[Round "3.9"]
[White "Travadon, Loic"]
[Black "Perossa, Nicolas"]
[Result "1-0"]
[WhiteTitle "IM"]
[BlackTitle "FM"]
[WhiteElo "2451"]
[BlackElo "2274"]
[WhiteFideId "26092131"]
[BlackFideId "2850520"]
[EventDate "2025.04.27"]

1. Nf3 Nf6 2. c4 e6 3. g3 d5 4. Bg2 dxc4 5. O-O Nbd7 6. Qa4 a6 7. Qxc4 b5 8. Qc2
Bb7 9. a4 Bd6 10. Nc3 bxa4 11. e4 O-O 12. d4 Be7 13. Rd1 Nb6 14. Bg5 h6 15. Bxf6
Bxf6 16. e5 Be7 17. Ng5 hxg5 18. Bxb7 Rb8 19. Bc6 Nc4 20. d5 Nxe5 21. dxe6 Bd6
22. exf7+ Nxf7 23. Rxa4 Qf6 24. Rxa6 Ne5 25. Bg2 Ng4 26. Ne4 Qxb2 27. Qc4+ Kh8
28. Ra2 Qb3 29. Qe2 Nf6 30. Nxg5 Rbe8 31. Qc2 Qxc2 32. Rxc2 g6 33. Nf3 Re7 34.
Nd4 Rfe8 35. Bf3 Re5 36. Kg2 Kh7 37. Rb1 Rc5 38. Rbc1 Rce5 39. h4 Kg7 40. Rc6
Kh7 41. Rb1 Rc5 42. Ra6 Be5 43. Ne6 Rc2 44. Rb5 Nd7 45. Ng5+ Kh6 46. Be4 1-0

[Event "Sardinia World Open A"]
[Site "Orosei ITA"]
[Date "2025.04.28"]
[Round "3.10"]
[White "Wecker, Martin"]
[Black "Lodici, Lorenzo"]
[Result "0-1"]
[BlackTitle "GM"]
[WhiteElo "2035"]
[BlackElo "2570"]
[WhiteFideId "12931462"]
[BlackFideId "884189"]
[EventDate "2025.04.27"]

1. d4 Nf6 2. Nf3 b6 3. g3 Bb7 4. Bg2 g6 5. c4 Bg7 6. O-O O-O 7. Nc3 Ne4 8. Nxe4
Bxe4 9. Ne1 Bxg2 10. Kxg2 d5 11. cxd5 Qxd5+ 12. Nf3 Nc6 13. e3 Rfd8 14. Qe2 Qe4
15. Kg1 Nxd4 16. Nxd4 Rxd4 17. Bd2 Qd3 18. Qf3 Rdd8 19. Rad1 Qc2 20. Bc1 Rab8
21. b4 Qxa2 22. Qc6 Be5 23. b5 a6 24. bxa6 Qxa6 25. Rd5 Rxd5 26. Qxd5 Qa5 27.
Qd7 Qc5 28. Rd1 h5 29. e4 e6 30. Bg5 b5 31. Be7 Qc2 32. Bd8 Kg7 33. Rf1 Qxe4 34.
Bxc7 Bxc7 35. Qxc7 Rb7 36. Qc3+ e5 37. Re1 Qd4 38. Qc8 Rb6 39. Qe8 Rf6 40. Qxe5
Qxf2+ 41. Kh1 Qf5 42. Qb2 Kh7 43. Rb1 Re6 44. Qg2 Qxb1+ 0-1